Contratos bancarios y financieros : cátedra de Derecho Comercial y Contratos /
Guardado en:
| Otros Autores: | , , , , , |
|---|---|
| Formato: | Desconocido |
| Idioma: | Spanish |
| Publicado: |
Córdoba :
Asociación Cooperadora de la Facultad de Ciencias Económicas de la UNC,
2014.
|
| Edición: | 2a. ed. modif. |
| Materias: | |
| Etiquetas: |
Agregar Etiqueta
Sin Etiquetas, Sea el primero en etiquetar este registro!
|
| LEADER | 00984nac a22002415a 4500 | ||
|---|---|---|---|
| 001 | DER.der015055 | ||
| 008 | 241104i2014####ag#||||||||||||||#||spa|| | ||
| 005 | 20241104084736.0 | ||
| 245 | 1 | 0 | |a Contratos bancarios y financieros : |b cátedra de Derecho Comercial y Contratos / |c Jorge Fernando Fushimi, prólogo de Efraín Hugo Richard. |
| 250 | |a 2a. ed. modif. | ||
| 260 | |a Córdoba : |b Asociación Cooperadora de la Facultad de Ciencias Económicas de la UNC, |c 2014. | ||
| 300 | |a 172 p. | ||
| 500 | |a Edición ampliada y corregida por el nuevo Código Civil y Comercial de la Nación Ley 26.994. | ||
| 020 | |a 9789871436873 | ||
| 100 | 1 | |a Fushimi, Jorge Fernando., |e dir. | |
| 700 | 1 | |a Richard, Efraín Hugo, |e prol. | |
| 700 | 1 | |a Amitrano, Fernando. | |
| 700 | 1 | |a Sabat, Diego Martín. | |
| 700 | 1 | |a Martínez Cabanillas, Arturo. | |
| 700 | 1 | |a Molinari, María Celeste. | |
| 700 | 1 | |a Pérez Paz, José María. | |
| 650 | 7 | |a DERECHO BANCARIO | |
| 859 | |a DERECHO |b BIB. DERECHO |h 343.02 |i FUS |p 009567 | ||
